00454nam a2200157Ia 4500003000400000005001700004008004100021040001800062041000800080082001600088100004600104245010100150260002100251600001200272650001200284OSt20260327115112.0211028s2009 xx 000 0 und d cAIMIT LIBRARY aeng a658.15 DSOH aDsouza, Hubert Jossie;Ali, Hydar.g716077 aQuantitative aspects of fundamental analysis: a study with reference to m/s Karnataka agencies / bAli, Hydarc2009 aFinance aFinance